Movie Genres by Examples - Statistics

General Stats
  • This quiz has been taken 59 times
  • The average score is 7 of 10
Answer Stats
Hint Answer % Correct
The Conjuring, Get Out, Halloween, IT, Alien, Friday Horror
94%
Alvin and The Chipmunks, Ratatouille, Kung Fu Panda 3, Avatar: The Way of Water Animated
87%
Anyone But You, The Proposal, Friends With Benefits, No Strings Attached Rom-com
87%
12 Years a Slave, Oppenheimer, Argo, A Knight's Tale Historical
80%
The Avengers, Star Wars, Back To The Future, Blade Runner 2049 Science Fiction
78%
1917, The Patriot, Pearl Harbor, All Quiet On The Western Front War
69%
Killers of the Flower Moon, Wild Wild West, The Harder They Fall, Rango Western
69%
Unfriended, Knives Out, Shutter Island, Boston Strangler Mystery/Crime
63%
Harriet, Napoleon, Hacksaw Ridge, Straight Outta Compton Biopic
41%
Ride Along, 21 Jump Street, Rush Hour, Bad Boys Buddy-Cop
20%
No matching quizzes found
Score Distribution
Percent of People with Each Score
Percentile by Number Answered
Your Score History
You have not taken this quiz